000 00348nam a2200133Ia 4500
008 191201s2010 xx 000 0 und d
100 _aGREENLAW, Raymond
245 0 _aInline/Online Fundamentals of the Internet and the World Wide Web
250 _a12th Rep
260 _c2010
_bTMH
_aN. Delhi
300 _a696
650 _aCSE
942 _2ddc
_cBB
999 _c7352
_d7352